Name the Composer (Piano edition) - Statistics

General Stats
  • This quiz has been taken 21 times
  • The average score is 10 of 15
Answer Stats
Song Answer % Correct
The Four Seasons Antonio Vivaldi
95%
Symphony No. 5 Ludwig van Beethoven
90%
Clair de Lune (Suite Bergamasque, 3rd movement) Claude Debussy
85%
Rondo alla Turca Wolfgang Amadeus Mozart
85%
Toccata and Fugue in D minor Johann Sebastian Bach
80%
Hungarian Rhapsody No. 2 Franz Liszt
75%
New World Symphony Antonín Dvorák
70%
Funeral March (Piano Sonata No. 2, 3rd movement) Frédéric Chopin
70%
La Campanella Franz Liszt
60%
Revolutionary Etude Frédéric Chopin
60%
Etude Op. 25 No. 5 (Wrong Note) Frédéric Chopin
55%
Rhapsody on a Theme of Paganini Sergei Rachmaninoff
50%
Erlkönig Franz Schubert
40%
Little Red Riding Hood Sergei Rachmaninoff
40%
Totentanz Franz Liszt
30%
No matching quizzes found
Score Distribution
Percent of People with Each Score
Percentile by Number Answered
Your Score History
You have not taken this quiz